[Event "Ivy League Challenge 5th"]
[Site "Toronto"]
[Date "2023.03.26"]
[Round "5"]
[White "Jaferian, Koosha"]
[Black "Zhang, Yuanchen"]
[Result "1/2-1/2"]
[WhiteElo "2242"]
[BlackElo "2304"]
[PlyCount "33"]
[EventDate "2023.03.24"]
[EventType "team-tourn"]
[EventRounds "5"]
[EventCountry "CAN"]
[SourceTitle "CBM 213 Extra"]
[Source "ChessBase"]
[SourceDate "2023.05.31"]
[SourceVersion "1"]
[SourceVersionDate "2023.05.31"]
[SourceQuality "1"]
[WhiteTeam "Toronto Univ II"]
[BlackTeam "Waterloo Univ"]
[WhiteTeamCountry "CAN"]
[BlackTeamCountry "CAN"]

1. e4 e5 2. Nf3 Nc6 3. d4 exd4 4. Nxd4 Nf6 5. Nc3 Bb4 6. Nxc6 bxc6 7. Bd3 d5 8. exd5 cxd5 9. 0-0 0-0 10. h3 c6 11. Qf3 Bd6 12. Bf4 Be6 13. Rad1 Rb8 14. b3 Bxf4 15. Qxf4 Qa5 16. Qd2 Qc7 17. Ne2 1/2-1/2

[Event "Kingston Canada zt"]
[Site "Kingston"]
[Date "2022.04.18"]
[Round "9"]
[White "Tanaka, Taira Tyler"]
[Black "Zhang, Yuanchen"]
[Result "0-1"]
[WhiteElo "2113"]
[BlackElo "2330"]
[PlyCount "152"]
[EventDate "2022.04.13"]
[EventType "swiss"]
[EventRounds "9"]
[EventCountry "CAN"]
[SourceTitle "CBM 207 Extra"]
[Source "ChessBase"]
[SourceDate "2022.05.31"]
[SourceVersion "1"]
[SourceVersionDate "2022.05.31"]
[SourceQuality "1"]

1. c4 Nf6 2. Nc3 c5 3. Nf3 d5 4. cxd5 Nxd5 5. d4 e6 6. e4 Nxc3 7. bxc3 cxd4 8. cxd4 Bb4+ 9. Bd2 Bxd2+ 10. Qxd2 0-0 11. Bc4 b6 12. 0-0 Bb7 13. Rfe1 Nd7 14. a4 Rc8 15. Bd3 a5 16. Rab1 h6 17. Qf4 Rc3 18. Bb5 Nf6 19. Rbd1 Qc7 20. Qh4 Rd8 21. d5 exd5 22. e5 Nd7 23. e6 fxe6 24. Rxe6 Nf6 25. Ree1 Rc8 26. Nd4 Ne4 27. f3 Ng5 28. Kh1 Qf7 29. Qg4 Rf8 30. Bd7 Bc8 31. Bxc8 Rcxc8 32. h4 Nh7 33. Re6 Nf6 34. Qf5 Rc4 35. Qe5 Re8 36. Rb1 Rxe6 37. Nxe6 Rxh4+ 38. Kg1 Rxa4 39. Rxb6 Rb4 40. Qb8+ Qe8 41. Qa7 Nd7 42. Rd6 Rb1+ 43. Kf2 Rb2+ 44. Kg1 Rb1+ 45. Kf2 Rb2+ 46. Kg1 Qh5 47. Qd4 Qe5 48. Qxe5 Nxe5 49. Rxd5 Nc4 50. Rd7 g5 51. Nc5 Ne3 52. Ne4 Kf8 53. g4 Nc4 54. Ra7 Ke8 55. Nf6+ Kd8 56. Ng8 Rc2 57. Kf1 Rd2 58. Nxh6 Kc8 59. Ke1 Rh2 60. Nf7 Kb8 61. Re7 a4 62. Re4 Nb2 63. Re3 Kb7 64. Nxg5 Kb6 65. Ne6 Nc4 66. Re4 Kb5 67. Nc7+ Kb4 68. Nd5+ Kb3 69. Ne3 Nb2 70. Re8 Nd3+ 71. Kf1 a3 72. Rb8+ Nb4 73. Kg1 Re2 74. Nd5 a2 75. Rxb4+ Ka3 76. Kf1 Rc2 0-1

[Event "Kingston Canada zt"]
[Site "Kingston"]
[Date "2022.04.14"]
[Round "3"]
[White "Rodrigue Lemieux, Shawn"]
[Black "Zhang, Yuanchen"]
[Result "1-0"]
[WhiteElo "2342"]
[BlackElo "2330"]
[PlyCount "97"]
[EventDate "2022.04.13"]
[EventType "swiss"]
[EventRounds "9"]
[EventCountry "CAN"]
[SourceTitle "CBM 207 Extra"]
[Source "ChessBase"]
[SourceDate "2022.05.31"]
[SourceVersion "1"]
[SourceVersionDate "2022.05.31"]
[SourceQuality "1"]

1. c4 Nf6 2. Nc3 c5 3. g3 d5 4. cxd5 Nxd5 5. Bg2 Nc7 6. Nf3 Nc6 7. 0-0 e5 8. a3 Be7 9. b4 cxb4 10. axb4 f6 11. b5 Nd4 12. b6 Nxf3+ 13. Bxf3 axb6 14. Rxa8 Nxa8 15. Qa4+ Bd7 16. Qc4 Qc8 17. Qa2 Be6 18. Nd5 Bc5 19. Ba3 Kf7 20. Rc1 Rd8 21. e4 Qc6 22. Qb1 Rc8 23. d4 exd4 24. Nf4 Nc7 25. Kg2 Qb5 26. Bb2 g6 27. Nxe6 Nxe6 28. Qa2 Rd8 29. e5 fxe5 30. Re1 Kf6 31. Bc1 Qa5 32. Qe2 Bb4 33. Rd1 Qc5 34. Bxb7 Rd7 35. Qg4 Qd6 36. Bh6 Ke7 37. Be4 Nc5 38. Bf3 Qe6 39. Qh4+ Kf7 40. Bg4 Qd5+ 41. Kg1 Rb7 42. f4 e4 43. f5 Kg8 44. Qf6 Rf7 45. Qxd4 Qxd4+ 46. Rxd4 Nd3 47. Rd8+ Rf8 48. fxg6 Bc5+ 49. Kg2 1-0

[Event "Continental op 48th"]
[Site "Sturbridge"]
[Date "2018.08.19"]
[Round "7"]
[White "Zhang, Yuanchen"]
[Black "Samadashvili, Martha"]
[Result "1-0"]
[WhiteElo "2281"]
[BlackElo "2136"]
[PlyCount "89"]
[EventDate "2018.08.16"]
[EventType "swiss"]
[EventRounds "9"]
[EventCountry "USA"]
[SourceTitle "CBM 186 Extra"]
[Source "ChessBase"]
[SourceDate "2018.08.24"]
[SourceVersion "1"]
[SourceVersionDate "2018.08.24"]
[SourceQuality "1"]

1. d4 Nf6 2. c4 e6 3. Nc3 Bb4 4. e3 0-0 5. Bd3 d5 6. Nf3 b6 7. 0-0 Bb7 8. a3 Bd6 9. b3 Nbd7 10. Bb2 a6 11. Ne2 c5 12. cxd5 Bxd5 13. Ng3 cxd4 14. Nxd4 Nc5 15. Bc2 Nce4 16. Nde2 Qe7 17. Nf4 Bxf4 18. exf4 Nxg3 19. hxg3 Rfd8 20. Qe2 Bc6 21. Rfd1 Bb5 22. Qf3 Rac8 23. Rxd8+ Qxd8 24. Rd1 Qc7 25. Bb1 Bc6 26. Qd3 Bb7 27. g4 Qc5 28. Bxf6 gxf6 29. Qxh7+ Kf8 30. Bg6 fxg6 31. Qxb7 Qc7 32. Qxc7 Rxc7 33. Rd6 Ke7 34. Rxb6 Rc3 35. g3 a5 36. a4 Rd3 37. Kf1 Kd7 38. Ke2 Rc3 39. Rb5 Ke7 40. Rxa5 Rxb3 41. Ra7+ Kf8 42. a5 Ra3 43. a6 Kg8 44. Kd2 Rf3 45. Rb7 1-0

[Event "Continental op 48th"]
[Site "Sturbridge"]
[Date "2018.08.16"]
[Round "1"]
[White "Zhang, Yuanchen"]
[Black "Slade, Theodore"]
[Result "1-0"]
[WhiteElo "2281"]
[BlackElo "1960"]
[PlyCount "101"]
[EventDate "2018.08.16"]
[EventType "swiss"]
[EventRounds "9"]
[EventCountry "USA"]
[SourceTitle "CBM 186 Extra"]
[Source "ChessBase"]
[SourceDate "2018.08.24"]
[SourceVersion "1"]
[SourceVersionDate "2018.08.24"]
[SourceQuality "1"]

1. d4 Nf6 2. c4 e6 3. Nc3 Bb4 4. e3 0-0 5. Bd3 c5 6. Nf3 d5 7. 0-0 dxc4 8. Bxc4 cxd4 9. exd4 b6 10. Bg5 Bb7 11. Qe2 Qc8 12. Bd3 Nbd7 13. Rac1 Qd8 14. Rfd1 Be7 15. Bb1 h6 16. Bf4 Nd5 17. Qd3 N7f6 18. Be5 Re8 19. Nxd5 Bxd5 20. Rc7 Be4 21. Qa6 Bxf3 22. gxf3 Bd6 23. Bxd6 Qxd6 24. Rxa7 Rxa7 25. Qxa7 Qc6 26. Qa3 Nd5 27. Qd3 Nf4 28. Qe4 Qc7 29. Qe5 Qxe5 30. dxe5 Rc8 31. h4 Kf8 32. Kh2 Rc5 33. Re1 Ng6 34. Bxg6 fxg6 35. Re2 Ke7 36. Kg3 b5 37. f4 Rd5 38. Kf3 Kd7 39. Ke3 Ke7 40. Rc2 Rd1 41. Rc7+ Kf8 42. Rb7 Rd5 43. Ke4 Rc5 44. a3 Rd5 45. b4 Kg8 46. Rb6 Kf7 47. Rd6 Rxd6 48. exd6 Ke8 49. Kd4 Kd7 50. Ke5 h5 51. f3 1-0

[Event "North American-ch U20"]
[Site "Irving"]
[Date "2017.09.05"]
[Round "9"]
[White "Zhang, Yuanchen"]
[Black "Checa, Nicolas D"]
[Result "1/2-1/2"]
[WhiteElo "2272"]
[BlackElo "2454"]
[PlyCount "158"]
[EventDate "2017.08.31"]
[EventType "swiss"]
[EventRounds "9"]
[EventCountry "USA"]
[SourceTitle "CBM 180 Extra"]
[Source "ChessBase"]
[SourceDate "2017.10.06"]
[SourceVersion "1"]
[SourceVersionDate "2017.10.06"]
[SourceQuality "1"]

1. d4 d5 2. c4 c6 3. Nf3 Nf6 4. e3 Bg4 5. h3 Bf5 6. Nc3 e6 7. Bd3 Bg6 8. 0-0 Bb4 9. Bxg6 hxg6 10. Qb3 Qe7 11. a3 Bxc3 12. bxc3 Qc7 13. a4 0-0 14. Ba3 Rc8 15. Rfc1 Nbd7 16. Nd2 Nb6 17. Rab1 Rab8 18. Re1 Nbd7 19. e4 Nxe4 20. Nxe4 dxe4 21. Rxe4 b5 22. Ree1 bxa4 23. Qxa4 c5 24. Rxb8 Rxb8 25. Rc1 Rd8 26. Qa6 Nb8 27. Qb5 cxd4 28. cxd4 Rxd4 29. Bc5 Rd8 30. Ra1 Nc6 31. Be3 e5 32. Qc5 Kh7 33. h4 Qd7 34. Qd5 Qc7 35. Qc5 f6 36. Ra6 Rd6 37. Ra1 Qd7 38. Qa3 a5 39. Qa4 Rd3 40. Rb1 f5 41. Rb6 f4 42. Qxc6 Rd1+ 43. Kh2 Qg4 44. Qf3 Qxh4+ 45. Qh3 Qxh3+ 46. gxh3 fxe3 47. fxe3 Re1 48. Rb3 Kh6 49. Ra3 Kg5 50. Kg3 Kf5 51. c5 Rc1 52. Rxa5 Ke4 53. Ra3 Rxc5 54. Ra6 Kxe3 55. Rxg6 Rc1 56. Kg2 Rc7 57. Rg3+ Kd2 58. Rg4 Rd7 59. Ra4 Ke3 60. Ra3+ Ke2 61. Ra2+ Rd2 62. Ra7 e4 63. Rxg7 e3 64. Ra7 Rc2 65. h4 Kd2 66. Ra1 Kd3+ 67. Kf3 Rf2+ 68. Kg3 Rc2 69. Kf3 Rf2+ 70. Kg3 Ke2 71. Ra2+ Ke1 72. Ra1+ Kd2 73. Ra2+ Kd3 74. Rxf2 exf2 75. Kxf2 Ke4 76. Kg3 Ke3 77. Kg2 Kd2 78. Kg3 Kd3 79. Kf2 Ke4 1/2-1/2

[Event "North American-ch U20"]
[Site "Irving"]
[Date "2017.09.02"]
[Round "4"]
[White "Zhang, Yuanchen"]
[Black "Taghizadeh, Rayan"]
[Result "1/2-1/2"]
[WhiteElo "2272"]
[BlackElo "2374"]
[PlyCount "68"]
[EventDate "2017.08.31"]
[EventType "swiss"]
[EventRounds "9"]
[EventCountry "USA"]
[SourceTitle "CBM 180 Extra"]
[Source "ChessBase"]
[SourceDate "2017.10.06"]
[SourceVersion "1"]
[SourceVersionDate "2017.10.06"]
[SourceQuality "1"]

1. d4 Nf6 2. c4 e6 3. Nc3 Bb4 4. e3 0-0 5. Bd3 Re8 6. Nge2 d5 7. a3 Bf8 8. 0-0 c6 9. e4 dxe4 10. Nxe4 Nbd7 11. N2g3 c5 12. dxc5 Nxc5 13. Nxf6+ Qxf6 14. Ne4 Nxe4 15. Bxe4 Rd8 16. Qc2 Qh4 17. Be3 f5 18. Bf3 e5 19. Bd5+ Kh8 20. f4 Bd6 21. g3 Qf6 22. Rad1 Be6 23. Qc3 Bxd5 24. Rxd5 Re8 25. Bf2 Bc7 26. fxe5 Bxe5 27. Bd4 Bxd4+ 28. Qxd4 Qxd4+ 29. Rxd4 g6 30. Rd7 b6 31. Kf2 Re4 32. Re1 Rae8 33. Rxe4 Rxe4 34. b3 a5 1/2-1/2

[Event "Calgary op 10th"]
[Site "Calgary"]
[Date "2017.08.05"]
[Round "5"]
[White "Gareyev, Timur"]
[Black "Zhang, Yuanchen"]
[Result "1-0"]
[WhiteElo "2620"]
[BlackElo "2272"]
[PlyCount "87"]
[EventDate "2017.08.02"]
[EventType "swiss"]
[EventRounds "9"]
[EventCountry "CAN"]
[SourceTitle "CBM 179 Extra"]
[Source "ChessBase"]
[SourceDate "2017.08.23"]
[SourceVersion "1"]
[SourceVersionDate "2017.08.23"]
[SourceQuality "1"]

1. d4 Nf6 2. c4 e6 3. Nc3 Bb4 4. e3 0-0 5. Bd3 d5 6. Nge2 dxc4 7. Bxc4 c5 8. a3 Bxc3+ 9. Nxc3 cxd4 10. exd4 Nc6 11. Be3 b6 12. 0-0 Bb7 13. Ba2 Ne7 14. Rc1 Nf5 15. Bb1 Nd5 16. Qg4 Nfxe3 17. fxe3 f5 18. Qg3 Rf6 19. Qe5 Rg6 20. Rf2 Rc8 21. Ba2 Qg5 22. Rcc2 Rd8 23. Nxd5 Bxd5 24. Bxd5 Rxd5 25. Rc8+ Rd8 26. Qc7 Rxc8 27. Qxc8+ Kf7 28. Qc7+ Qe7 29. Rc2 Qxc7 30. Rxc7+ Kf6 31. Rxa7 Rg4 32. g3 e5 33. Ra4 Ke6 34. Rb4 exd4 35. Rxb6+ Kd5 36. Rb5+ Ke6 37. Rb4 Re4 38. exd4 Re2 39. a4 Rc2 40. a5 Kd5 41. a6 Ke4 42. a7 Rc1+ 43. Kf2 Ra1 44. Rb7 1-0

[Event "Calgary op 10th"]
[Site "Calgary"]
[Date "2017.08.03"]
[Round "2"]
[White "Mikhalevski, Victor"]
[Black "Zhang, Yuanchen"]
[Result "1-0"]
[WhiteElo "2533"]
[BlackElo "2272"]
[PlyCount "59"]
[EventDate "2017.08.02"]
[EventType "swiss"]
[EventRounds "9"]
[EventCountry "CAN"]
[SourceTitle "CBM 179 Extra"]
[Source "ChessBase"]
[SourceDate "2017.08.23"]
[SourceVersion "1"]
[SourceVersionDate "2017.08.23"]
[SourceQuality "1"]

1. Nf3 Nf6 2. c4 e6 3. g3 d5 4. Bg2 Be7 5. 0-0 0-0 6. b3 d4 7. e3 c5 8. exd4 cxd4 9. Re1 Nc6 10. d3 Re8 11. Na3 Nd7 12. Nc2 e5 13. Rb1 a5 14. a3 f6 15. b4 Nb6 16. c5 Nd5 17. Bd2 Bg4 18. b5 Na7 19. Ncxd4 Bxc5 20. Qb3 Kh8 21. h3 Bh5 22. Nf5 Bf7 23. d4 exd4 24. N3xd4 Qd7 25. Qf3 a4 26. Red1 Nc8 27. Nxg7 Bxd4 28. Nxe8 Qxe8 29. Bh6 Qe5 30. Qg4 1-0

[Event "Calgary op 10th"]
[Site "Calgary"]
[Date "2017.08.03"]
[Round "3"]
[White "Zhang, Yuanchen"]
[Black "Garcia Franco, Juan Carlos"]
[Result "1-0"]
[WhiteElo "2272"]
[BlackElo "1842"]
[PlyCount "97"]
[EventDate "2017.08.02"]
[EventType "swiss"]
[EventRounds "9"]
[EventCountry "CAN"]
[SourceTitle "EXT 2018"]
[Source "ChessBase"]
[SourceDate "2017.10.13"]
[SourceVersion "1"]
[SourceVersionDate "2017.10.13"]
[SourceQuality "1"]

1. e4 d6 2. d4 Nf6 3. Nc3 Nbd7 4. Nf3 e5 5. Bc4 Be7 6. 0-0 c6 7. a4 Qc7 8. Re1 0-0 9. a5 Rb8 10. h3 b5 11. axb6 axb6 12. Bf1 b5 13. b4 Nb6 14. d5 Nc4 15. Bg5 Bd7 16. Bxc4 bxc4 17. Rb1 Rfc8 18. Qe2 cxd5 19. Bxf6 Bxf6 20. Nxd5 Qd8 21. Red1 Be7 22. Ra1 Bf8 23. Ra2 Be6 24. c3 h6 25. Nd2 Bxd5 26. exd5 Qb6 27. Rda1 Rb7 28. Ra6 Qc7 29. Rc6 Qd7 30. Qxc4 Rcb8 31. Raa6 Qf5 32. Qe4 Qh5 33. Qe3 Qf5 34. Ne4 Rb5 35. Nxd6 Qb1+ 36. Kh2 Rxd5 37. Qa7 Rxd6 38. Rxd6 Bxd6 39. Rxd6 Rc8 40. Qe3 Qf5 41. Rd5 f6 42. b5 Qe6 43. Qd3 Qb6 44. Kg1 Qa5 45. Kh2 Qb6 46. Qf3 Qe6 47. Qd1 Qb6 48. Rd7 g5 49. Qd3 1-0

[Event "Calgary op 10th"]
[Site "Calgary"]
[Date "2017.08.02"]
[Round "1"]
[White "Zhang, Yuanchen"]
[Black "Zhao, Ian"]
[Result "1-0"]
[WhiteElo "2272"]
[BlackElo "1844"]
[PlyCount "53"]
[EventDate "2017.08.02"]
[EventType "swiss"]
[EventRounds "9"]
[EventCountry "CAN"]
[SourceTitle "CBM 179 Extra"]
[Source "ChessBase"]
[SourceDate "2017.08.23"]
[SourceVersion "1"]
[SourceVersionDate "2017.08.23"]
[SourceQuality "1"]

1. e4 e5 2. Nf3 Nc6 3. d4 exd4 4. Nxd4 Bc5 5. Be3 Qf6 6. c3 Nge7 7. Bc4 0-0 8. 0-0 Ne5 9. Be2 Qg6 10. Nd2 d6 11. Bh5 Qf6 12. f4 N5c6 13. N2b3 Bb6 14. Qd2 Qh4 15. Bf3 f5 16. Bf2 Qf6 17. exf5 Nxd4 18. Nxd4 Nxf5 19. Nxf5 Bxf2+ 20. Rxf2 Qxf5 21. Re1 Be6 22. Rxe6 Kh8 23. Re7 Qc5 24. Qd4 Qxd4 25. cxd4 Rxf4 26. Bxb7 Rxf2 27. Bxa8 1-0

[Event "CAN-ch"]
[Site "Montreal"]
[Date "2017.06.27"]
[Round "1"]
[White "Durette, Francis"]
[Black "Zhang, Yuanchen"]
[Result "0-1"]
[WhiteElo "2028"]
[BlackElo "2248"]
[PlyCount "88"]
[EventDate "2017.06.27"]
[EventType "swiss"]
[EventRounds "9"]
[EventCountry "CAN"]
[SourceTitle "CBM 179 Extra"]
[Source "ChessBase"]
[SourceDate "2017.08.23"]
[SourceVersion "1"]
[SourceVersionDate "2017.08.23"]
[SourceQuality "1"]

1. e4 e5 2. Nf3 Nc6 3. d4 exd4 4. Nxd4 Bb4+ 5. c3 Bc5 6. Be3 Bb6 7. Bc4 Nf6 8. Nd2 d5 9. exd5 Nxd4 10. Bxd4 Bxd4 11. cxd4 0-0 12. 0-0 Nxd5 13. Ne4 Nf6 14. f3 Bf5 15. Ng3 Bd7 16. Bd3 Nd5 17. Re1 Qf6 18. Re5 Nb4 19. Ne4 Qf4 20. Kh1 Ba4 21. b3 Nxd3 22. Qxd3 Bc6 23. Ng5 g6 24. Rae1 Rad8 25. d5 Bxd5 26. Rxd5 Qxg5 27. Rxd8 Rxd8 28. Qc3 c6 29. a3 h5 30. g3 Kh7 31. Re2 Qd5 32. Kg2 Rd6 33. h4 Qd3 34. Qb2 Rf6 35. Rf2 Rf5 36. Qa2 a5 37. a4 Qc3 38. f4 Rd5 39. Rc2 Qd3 40. Re2 Qc3 41. Rc2 Qb4 42. Rb2 Rd3 43. Kf2 Qd4+ 44. Kg2 Qe3 0-1

[Event "CAN-ch"]
[Site "Montreal"]
[Date "2017.06.27"]
[Round "2"]
[White "Zhang, Yuanchen"]
[Black "Hambleton, Aman"]
[Result "1/2-1/2"]
[WhiteElo "2248"]
[BlackElo "2471"]
[PlyCount "117"]
[EventDate "2017.06.27"]
[EventType "swiss"]
[EventRounds "9"]
[EventCountry "CAN"]
[SourceTitle "CBM 179 Extra"]
[Source "ChessBase"]
[SourceDate "2017.08.23"]
[SourceVersion "1"]
[SourceVersionDate "2017.08.23"]
[SourceQuality "1"]

1. d4 Nf6 2. c4 e6 3. Nc3 Bb4 4. e3 0-0 5. Bd3 d5 6. Nf3 c5 7. 0-0 dxc4 8. Bxc4 Nbd7 9. a3 Ba5 10. Qe2 a6 11. Bd3 b5 12. Ne4 c4 13. Bc2 Bb7 14. Ng3 Bxf3 15. Qxf3 e5 16. Rd1 Bb6 17. dxe5 Nxe5 18. Qf5 Qe7 19. Nh5 Neg4 20. Qg5 g6 21. Nxf6+ Nxf6 22. Bd2 Rfe8 23. Bc3 Ne4 24. Qxe7 Rxe7 25. Bxe4 Rxe4 26. a4 Rb8 27. Rd5 b4 28. Bxb4 Bd4 29. Bc3 Bxc3 30. bxc3 Rb2 31. Rc1 Re6 32. Rc5 Rd6 33. Rxc4 Rc2 34. Rf1 Kg7 35. g3 h5 36. Rb1 g5 37. Rc5 Kg6 38. a5 Rdd2 39. Rf1 f6 40. Rc6 Rd5 41. Rxa6 Rxc3 42. Rb1 Rc2 43. e4 Rdd2 44. e5 Rxf2 45. Rxf6+ Rxf6 46. exf6 Ra2 47. Rf1 Kf7 48. Rf5 g4 49. Rxh5 Kxf6 50. Rb5 Kg6 51. Rb6+ Kf5 52. Ra6 Ke4 53. Rf6 Ke3 54. Rf4 Ra1+ 55. Rf1 Rxa5 56. h3 gxh3 57. Kh2 Rh5 58. g4 Rh8 59. g5 1/2-1/2

[Event "Philadelphia op 11th"]
[Site "Philadelphia"]
[Date "2017.04.14"]
[Round "4"]
[White "Guo, Arthur"]
[Black "Zhang, Yuanchen"]
[Result "1/2-1/2"]
[WhiteElo "2061"]
[BlackElo "2268"]
[PlyCount "116"]
[EventDate "2017.04.12"]
[EventType "swiss"]
[EventRounds "9"]
[EventCountry "USA"]
[SourceTitle "EXT 2019"]
[Source "ChessBase"]
[SourceDate "2018.10.10"]
[SourceVersion "1"]
[SourceVersionDate "2018.10.10"]
[SourceQuality "1"]

1. e4 e5 2. Nf3 Nc6 3. Bb5 a6 4. Ba4 Nf6 5. 0-0 b5 6. Bb3 Bb7 7. d3 Bc5 8. Nc3 0-0 9. Bg5 h6 10. Bh4 Re8 11. Nd5 Be7 12. Nxe7+ Qxe7 13. a3 d6 14. c3 Nd8 15. Nd2 Ne6 16. Bg3 Rad8 17. Qe2 d5 18. exd5 Nc5 19. Bc2 Nxd5 20. Rfe1 Qd7 21. Ne4 Ne6 22. Qg4 Rf8 23. Qf5 f6 24. Bb3 Nc5 25. Qxd7 Nxd7 26. f4 exf4 27. Bxf4 Rc8 28. a4 f5 29. Nf2 g5 30. Bd2 Nc5 31. Bc2 Nxa4 32. Bxa4 bxa4 33. Rxa4 Rce8 34. Raa1 Kf7 35. c4 Nb6 36. b3 Rxe1+ 37. Rxe1 Rd8 38. Bc3 Nd7 39. d4 Nf6 40. Re5 Ne4 41. Nxe4 Bxe4 42. g4 Re8 43. Rc5 fxg4 44. Rxc7+ Re7 45. Rxe7+ Kxe7 46. Kf2 Bc2 47. b4 Bb3 48. c5 Bd5 49. Ke3 h5 50. Kf2 Ke6 51. Bd2 Kf5 52. Bc1 h4 53. Bd2 g3+ 54. hxg3 h3 55. Kg1 g4 56. c6 Bxc6 57. Bh6 Ke4 58. Bf8 Kxd4 1/2-1/2

[Event "Philadelphia op 11th"]
[Site "Philadelphia"]
[Date "2017.04.13"]
[Round "2"]
[White "Samadashvili, Martha"]
[Black "Zhang, Yuanchen"]
[Result "1/2-1/2"]
[WhiteElo "1958"]
[BlackElo "2268"]
[PlyCount "120"]
[EventDate "2017.04.12"]
[EventType "swiss"]
[EventRounds "9"]
[EventCountry "USA"]
[SourceTitle "CBM 177 Extra"]
[Source "ChessBase"]
[SourceDate "2017.04.27"]
[SourceVersion "1"]
[SourceVersionDate "2017.04.27"]
[SourceQuality "1"]

1. e4 e5 2. Nf3 Nc6 3. Bb5 a6 4. Ba4 Nf6 5. Bxc6 dxc6 6. 0-0 Be7 7. d3 Nd7 8. Nbd2 0-0 9. Nc4 f6 10. b3 Nc5 11. Bb2 Ne6 12. Qd2 c5 13. Ne3 Rf7 14. c3 Bf8 15. Qc2 b5 16. Rfd1 Rd7 17. Nf5 Bb7 18. Ng3 Kh8 19. Ne2 Qe8 20. Re1 Rad8 21. Rad1 Qg6 22. Ng3 Nf4 23. d4 cxd4 24. cxd4 Bb4 25. Bc3 Bxc3 26. Qxc3 exd4 27. Rxd4 Ne6 28. Rxd7 Rxd7 29. Qc2 c5 30. Re2 Qe8 31. Rd2 Qd8 32. Rxd7 Qxd7 33. Qd2 Qc7 34. Qc3 Qd6 35. Qd2 Qc7 36. Qc3 Qd6 37. Qd2 Qxd2 38. Nxd2 Kg8 39. f3 g6 40. Ne2 Kf7 41. Kf2 Nd8 42. Ke3 Nc6 43. Nb1 Bc8 44. Nbc3 Nb4 45. Nf4 g5 46. Nd3 Nxd3 47. Kxd3 Be6 48. Nb1 Ke7 49. Nd2 Kd6 50. g3 Kc6 51. Kc3 f5 52. a3 a5 53. b4 cxb4+ 54. axb4 a4 55. Nb1 f4 56. gxf4 gxf4 57. Kd4 Kd6 58. Na3 Bd7 59. Nc2 Bh3 60. Na3 Bd7 1/2-1/2

[Event "Charlotte CCCSA IM-C"]
[Site "Charlotte"]
[Date "2017.03.31"]
[Round "4"]
[White "Young, Angelo"]
[Black "Zhang, Yuanchen"]
[Result "0-1"]
[WhiteElo "2294"]
[BlackElo "2268"]
[PlyCount "74"]
[EventDate "2017.03.29"]
[EventType "tourn"]
[EventRounds "9"]
[EventCountry "USA"]
[EventCategory "3"]
[SourceTitle "CBM 177 Extra"]
[Source "ChessBase"]
[SourceDate "2017.04.27"]
[SourceVersion "1"]
[SourceVersionDate "2017.04.27"]
[SourceQuality "1"]

1. Nf3 Nf6 2. c4 e6 3. b3 d5 4. Bb2 Be7 5. g3 0-0 6. Bg2 c5 7. cxd5 exd5 8. d4 Nc6 9. 0-0 Re8 10. Nc3 Bg4 11. dxc5 Bxc5 12. Na4 Bf8 13. Rc1 Rc8 14. h3 Bf5 15. e3 Ne4 16. Qe2 Qd7 17. g4 Bg6 18. Rfd1 h5 19. Nh4 Bh7 20. gxh5 d4 21. Qc4 Qe7 22. Ng6 Qg5 23. Nxf8 Rxf8 24. Qe2 b5 25. Ba3 Rfe8 26. f4 Qg3 27. Nc5 Nc3 28. Qe1 Qxe3+ 29. Qxe3 Rxe3 30. Na6 Nxd1 31. Rxd1 d3 32. Bf1 Nd4 33. Bc5 Ne2+ 34. Kf2 Re6 35. Nb4 Rxc5 36. Nxd3 Bxd3 37. Rxd3 Nxf4 0-1

[Event "Charlotte CCCSA IM-C"]
[Site "Charlotte"]
[Date "2017.03.31"]
[Round "5"]
[White "Zhang, Yuanchen"]
[Black "Moon, Benjamin"]
[Result "0-1"]
[WhiteElo "2268"]
[BlackElo "2254"]
[PlyCount "76"]
[EventDate "2017.03.29"]
[EventType "tourn"]
[EventRounds "9"]
[EventCountry "USA"]
[EventCategory "3"]
[SourceTitle "CBM 177 Extra"]
[Source "ChessBase"]
[SourceDate "2017.04.27"]
[SourceVersion "1"]
[SourceVersionDate "2017.04.27"]
[SourceQuality "1"]

1. d4 Nf6 2. c4 g6 3. Nc3 Bg7 4. e4 d6 5. f3 0-0 6. Be3 Nc6 7. Nge2 a6 8. Qd2 Bd7 9. g4 b5 10. h4 h5 11. g5 Ne8 12. c5 dxc5 13. dxc5 b4 14. Nd1 Ne5 15. Nd4 Bb5 16. Be2 Bxe2 17. Qxe2 Qd7 18. Nf2 Nc6 19. Nxc6 Qxc6 20. 0-0 Qe6 21. Nd3 a5 22. Nf4 Qe5 23. Rab1 c6 24. Qc4 Nc7 25. Kg2 Kh7 26. Rfd1 f5 27. gxf6 Qxf6 28. Rd7 g5 29. hxg5 Qxg5+ 30. Kf2 Qh4+ 31. Kg2 Be5 32. Rg1 Bxf4 33. Bxf4 Rxf4 34. Rh1 Qg5+ 35. Kf2 Rxf3+ 36. Ke1 Raf8 37. Rxc7 Re3+ 38. Kd1 Rd8+ 0-1

[Event "Toronto Hart House Holidays op"]
[Site "Toronto"]
[Date "2016.12.17"]
[Round "3"]
[White "Zhang, Yuanchen"]
[Black "Bellissimo, Joseph F"]
[Result "1/2-1/2"]
[WhiteElo "2327"]
[BlackElo "2252"]
[PlyCount "113"]
[EventDate "2016.12.16"]
[EventType "swiss"]
[EventRounds "5"]
[EventCountry "CAN"]
[SourceTitle "EXT 2022"]
[Source "ChessBase"]
[SourceDate "2021.10.06"]
[SourceVersion "1"]
[SourceVersionDate "2021.10.06"]
[SourceQuality "1"]

1. d4 Nf6 2. c4 e6 3. Nc3 Bb4 4. e3 0-0 5. Nge2 d5 6. a3 Be7 7. cxd5 exd5 8. Nf4 c6 9. Bd3 Re8 10. 0-0 Nbd7 11. f3 Nf8 12. Bc2 Ne6 13. e4 c5 14. e5 Nd7 15. Nxe6 fxe6 16. Be3 cxd4 17. Bxd4 Bc5 18. Bxc5 Nxc5 19. b4 Qc7 20. Qd4 Nd7 21. f4 Qb6 22. Qxb6 Nxb6 23. Nb5 Re7 24. Bd3 Bd7 25. Nd6 Ba4 26. Rac1 g6 27. h4 Rd8 28. Kf2 Rdd7 29. Ke3 Rc7 30. Kd4 Bb3 31. Nb5 Rxc1 32. Rxc1 a6 33. Nd6 Rd7 34. Ne8 Re7 35. Nf6+ Kf8 36. h5 Bc4 37. Bb1 gxh5 38. Nxh7+ Ke8 39. Nf6+ Kd8 40. Nxh5 Be2 41. Nf6 Rg7 42. g4 Nc4 43. Bh7 Nxa3 44. Bg8 Bxg4 45. Rg1 Nc2+ 46. Kc3 Rc7+ 47. Kb2 Bf5 48. Bh7 Bxh7 49. Nxh7 Rxh7 50. Kxc2 Rf7 51. Rg4 Kd7 52. Kd3 Kc6 53. Rg6 Rxf4 54. Rxe6+ Kc7 55. b5 axb5 56. Rd6 b4 57. Rxd5 1/2-1/2

[Event "Toronto Hart House Holidays op"]
[Site "Toronto"]
[Date "2016.12.16"]
[Round "1"]
[White "Agbabishvili, Lali"]
[Black "Zhang, Yuanchen"]
[Result "0-1"]
[WhiteElo "2241"]
[BlackElo "2327"]
[PlyCount "108"]
[EventDate "2016.12.16"]
[EventType "swiss"]
[EventRounds "5"]
[EventCountry "CAN"]
[SourceTitle "EXT 2022"]
[Source "ChessBase"]
[SourceDate "2021.10.06"]
[SourceVersion "1"]
[SourceVersionDate "2021.10.06"]
[SourceQuality "1"]

1. d4 Nf6 2. c4 e6 3. Nf3 Bb4+ 4. Nbd2 b6 5. g3 Bb7 6. Bg2 0-0 7. 0-0 d5 8. Ne5 Nbd7 9. Nxd7 Qxd7 10. cxd5 exd5 11. Nf3 Rfe8 12. Bd2 Bd6 13. Re1 Ne4 14. Ng5 Nxd2 15. Qxd2 h6 16. Nf3 a5 17. a3 a4 18. Rac1 Rad8 19. Qc2 c5 20. e3 Rc8 21. Qd3 c4 22. Qc3 b5 23. Ne5 Qe7 24. Qa5 f6 25. Ng6 Qf7 26. Qb6 Re6 27. Qxb5 Bc6 28. Qa6 Qc7 29. Rxc4 dxc4 30. Qxc6 Qxc6 31. Bxc6 Rxc6 32. d5 Kf7 33. Nf4 Bxf4 34. gxf4 Rb6 35. dxe6+ Kxe6 36. Rc1 Kd5 37. Rc2 Rb3 38. Kf1 c3 39. Rxc3 Rxb2 40. Rc7 Ra2 41. Rxg7 Rxa3 42. Rh7 Rb3 43. Rxh6 a3 44. Rh5+ Kc4 45. Ra5 Kc3 46. h4 Kb2 47. Kg2 a2 48. Rxa2+ Kxa2 49. e4 Rb7 50. Kh3 Rg7 51. f5 Kb3 52. f4 Kc4 53. e5 fxe5 54. fxe5 Kd5 0-1